000 00333nam a2200145 a 4500
008 990125s1957||||xx 0 und c
040 _aSNK
_bslo
_cSNK
_eAACR2
100 1 _aForman, B.
245 1 0 _aUmění čtyř světadílů
260 _aPraha
_bOrbis
_c1957
300 _a325 s.
020 _c130
044 _aCZ
041 _acze
999 _c13994
_d13994